000 00240nam a2200109Ia 4500
008 190216s9999||||xx |||||||||||||| ||und||
100 _aBimath Misra
245 0 _aHindi-Thriveni
260 _bKanak Sahithya
650 _aHindi
942 _cBK
999 _c16300
_d16300